La industria manufacturera en la ciudad de Córdoba (Registro nro. 16018)
[ vista simple ]
| 000 -LEADER | |
|---|---|
| fixed length control field | 00385 a2200121 4500 |
| 001 - CONTROL NUMBER | |
| control field | ART_2867 |
| 005 - DATE AND TIME OF LATEST TRANSACTION | |
| control field | 20260410161710.0 |
| 008 - FIXED-LENGTH DATA ELEMENTS--GENERAL INFORMATION | |
| fixed length control field | 260409a |
| 100 1# - MAIN ENTRY--PERSONAL NAME | |
| Personal name | Palmieri, Horacio |
| 245 10 - TITLE STATEMENT | |
| Title | La industria manufacturera en la ciudad de Córdoba |
| 700 1# - ADDED ENTRY--PERSONAL NAME | |
| Personal name | Colomé, Rinaldo A. |
| 773 0# - HOST ITEM ENTRY | |
| Title | Desarrollo económico |
| Related parts | - Vol. 5, Nº 17/19 T.2 (abr./dic. 1965) |
| Record control number | REV1174 |
No hay ítems disponibles.